| 000 | 00460cam a2200181ua 4500 | ||
|---|---|---|---|
| 020 | _cRs 1.25 | ||
| 041 |
_amal _h |
||
| 082 |
_a894.8122 _bSAN/VI |
||
| 100 | _aSankarapillai, G. | ||
| 245 |
_aVilangum veenayum / _cG Sankarapillai. _hTextual Documents |
||
| 260 |
_aKottayam : _bSahitya Pravarthaka Co-operative Society , _c1963. |
||
| 300 | _a104 ; . | ||
| 365 | _aRs 1.25 | ||
| 504 | _a | ||
| 650 | _aPoems | ||
| 942 | _cBK | ||
| 999 |
_c432 _d432 |
||